Holiday Quiz

Random Holiday or Christmas Quiz

Gettin' Nuttin' for Christmas: Logic Puzzle Quiz Stats

 Plays Quiz not verified by Sporcle

Support Sporcle.
Go Orange.
Score 0/25 Timer 20:00
0 Plays Today
. . % Correct




C3



???
100%




A1



???
62.8%




A5



???
57.9%




E1



???
54.1%




E5



???
54%




E3



???
43.9%




B4



???
39.9%




A4



???
39.6%




D2



???
34.5%




D4



???
28.9%




E4



???
28.6%




B1



???
26.4%




D5



???
24.4%
. . % Correct




B5



???
23.4%




C5



???
22.5%




C4



???
22.5%




C2



???
22%




A3



???
19.4%




E2



???
16.9%




D3



???
16.2%




B3



???
15%




A2



???
14.9%




B2



???
14.7%




C1



???
14.3%




D1



???
14.3%

You're not logged in!

Compare scores with friends on all Sporcle quizzes.
OR
Log In

From the Vault

Mis-Matched Movies

by bowjest

12 Angry Lambs is a movie we'd pay to see.
Remove Ads.
Support Sporcle.
Get the best of Sporcle when you Go Orange. This ad-free experience offers more features, more stats, and more fun while also helping to support Sporcle. Thank you for becoming a member.

Show Comments

Extras

Top Quizzes Today


Score Distribution

Your Account Isn't Verified!

In order to create a playlist on Sporcle, you need to verify the email address you used during registration. Go to your Sporcle Settings to finish the process.

Report this User

Report this user for behavior that violates our Community Guidelines.

Details: